01760nam a2200289 a 4500008004100000020001500041050001800056100002500074245002300099260003400122300002300156350000900179490006500188650001500253650002900268995009900297995009500396995009900491995009900590995009900689999001700788952013200805952013700937952013201074952013201206952013201338060316s1972 ||||||||||||||||| || u a0713132787 aTK 5102.5 Con aConnor, Frank Robert10aWave transmission  aLondon :bEdward Arnoldc1972 avii, 107 p. : ill. a0.00 aHis Introductory topics in electronics and telecommunication aMICROWAVES aTELECOMMUNICATION LINES  D0.00FCBU-SCHOOL TEXTBOOK COLLECTIONSH1I0.00M2UAVAILABLEWAug 31, 2009ZSchool Collections D0.00FCBU-MAIN LIBRARY (Kitwe)H1I3.75M1UAVAILABLEZMain Library Open Access Collection D0.00FCBU-SCHOOL TEXTBOOK COLLECTIONSH1I0.00M4UAVAILABLEWAug 31, 2009ZSchool Collections D0.00FCBU-SCHOOL TEXTBOOK COLLECTIONSH1I0.00M3UAVAILABLEWAug 31, 2009ZSchool Collections D0.00FCBU-SCHOOL TEXTBOOK COLLECTIONSH1I0.00M5UAVAILABLEWAug 31, 2009ZSchool Collections c78419d78419 00102lcc4070a005b005c(ELEC.ENG.) School Collectionsd2023-05-16l0oSCHOOL TEXTBOOKp3631r2023-05-16t1w2023-05-16y002 00102lcc4070a001b001cMain Library Open Access Collectiond2023-05-16l0oTK 5102.5 Conp017369r2023-05-16t2w2023-05-16y002 00102lcc4070a005b005c(ELEC.ENG.) School Collectionsd2023-05-16l0oSCHOOL TEXTBOOKp3633r2023-05-16t3w2023-05-16y002 00102lcc4070a005b005c(ELEC.ENG.) School Collectionsd2023-05-16l0oSCHOOL TEXTBOOKp3632r2023-05-16t4w2023-05-16y002 00102lcc4070a005b005c(ELEC.ENG.) School Collectionsd2023-05-16l0oSCHOOL TEXTBOOKp3634r2023-05-16t5w2023-05-16y002